| 000 | 00537nam a2200229 a 4500 | ||
|---|---|---|---|
| 001 | nice12345678 | ||
| 003 | IN_TiNIC | ||
| 005 | 20260116011312.0 | ||
| 008 | 050524s0000 dela grp 000 0 urd | ||
| 020 |
_a _c3 |
||
| 082 | 0 | 0 |
_a922.97 _bAZA3 |
| 100 | _aAzad, Abul Kalam | ||
| 245 | _aMaqalat-E-Abul Kalam Azad | ||
| 260 |
_aDelhi _bChaman Book Depot _c0000 |
||
| 300 | _a160p | ||
| 500 | _aincludes index and biblioraphy | ||
| 505 | 2 | _aindex | |
| 700 | 1 | _aAzad, Abul Kalam | |
| 902 | _bSRS | ||
| 942 | _cBK | ||
| 999 |
_c327 _d327 |
||